000
00307nam a22001217a 4500
008
150309b xxu||||| |||| 00| 0 eng d
020
_a
9781603209878
050
_a
AY 948.J8 .T583 2015
245
_a
Time for Kids Almanac 2015
260
_b
Time Home Entertainment
300
_a
288 p.
942
_2
lcc
_c
BK
999
_c
283752
_d
283752